• 首页
  • 本馆介绍
  • 公告通知
  • 最新文献
  • 馆藏检索
  • 电子资源
  • 读者导购
  • 参考咨询
  • 我的图书馆
  • 登录
  • 详细信息显示
  • 放入我的书架
  • 预约/预借图书
  • 作者相关作品
  • 分类相关作品
  • 丛书相关作品
  • 出版社相关作品

书目信息

  • 表格格式
  • 工作单格式
  • 卡片格式
题名:
国际金融市场
    
 
作者: 史燕平 主编
分册:  
出版信息: 北京   中国人民大学出版社  2004
页数: 284页
开本: 23cm
丛书名:
单 册:
中图分类: F831.5
科图分类:
主题词: 国际金融 , 金融市场 , 国际金融--金融市场--高等学校--教材
电子资源:
ISBN: 7-300-05729-2
000 01003nam0 2200289 450
000 01036nam0 2200289 450
000 00967nam0 2200265 450
000 00931nam0 2200253 45
005 20070725134200.29
010    @a7-300-05729-2@dCNY20.00
100    @a20070618d2004 em y0chiy0120 ea
101 0  @achi
102    @aCN@b110000
105    @ay z 000yy
200 1  @a国际金融市场@AGuo Ji Jin Rong Shi Chang@f史燕平主编@FShi Yan Ping Zhu Bian
210    @a北京@c中国人民大学出版社@d2004
215    @a284页@d23cm
300    @a面向21世纪课程教材经济管理类课程教材·金融系列
330    @a本书从不同角度去介绍金融市场,以国际金融市场的外部环境及国际金融市场概念为基础,对外汇市场、国际货币市场、国际资本市场和国际黄金市场进行讲述。
510 1  @aFinance@zeng
606 0  @a国际金融
606 0  @a金融市场
606 0  @a国际金融@x金融市场@x高等学校@j教材
690    @aF831.5@v4
701  0 @a史燕平@AShi Yan Ping@c(博士)@4主编
801  0 @aCN@bTAOJIN@c20070725
905    @a10447@dF831.5@e24
    
    国际金融市场/史燕平主编.-北京:中国人民大学出版社,2004
    284页;23cm
    面向21世纪课程教材经济管理类课程教材·金融系列
    
    ISBN 7-300-05729-2:CNY20.00
    本书从不同角度去介绍金融市场,以国际金融市场的外部环境及国际金融市场概念为基础,对外汇市场、国际货币市场、国际资本市场和国际黄金市场进行讲述。
●
相关链接 在E读中查询图书 在五车中查询图书 在当当中查询图书 在豆瓣中查询图书


正题名:国际金融市场     索取号:F831.5/24         预约/预借

序号 登录号 条形码 馆藏地/架位号 状态 备注
1 0826059   208260594   第一样本阅览室/ [索取号:F831.5/24] 在馆    
2 0826060   208260601   第一借阅区/ [索取号:F831.5/24] 在馆    
3 0826061   208260610   第一借阅区/ [索取号:F831.5/24] 在馆    
4 0826062   208260629   密集书库/ [索取号:F831.5/24] 在馆    
5 0826063   208260638   第一借阅区/ [索取号:F831.5/24] 在馆    
6 0826064   208260647   第一借阅区/ [索取号:F831.5/24] 在馆    
7 0826065   208260656   密集书库/ [索取号:F831.5/24] 在馆    
8 0826066   208260665   第一借阅区/ [索取号:F831.5/24] 在馆    
唐山师范学院图书馆 欢迎您!
大连网信软件有限公司© 版权所有